[Event "TCh-CHN 2016"]
[Site "China CHN"]
[Date "2016.07.26"]
[Round "11.3"]
[Board "4"]
[White "Lei, Tingjie"]
[Black "Ren, Xiaoyi"]
[Result "1-0"]
[WhiteTitle "WGM"]
[WhiteElo "2504"]
[BlackElo "2157"]
[WhiteTeam "Chongqing"]
[BlackTeam "Chengdu"]
[WhiteFideId "8605114"]
[BlackFideId "8608709"]
[EventDate "2016.04.12"]

1. d4 d5 2. c4 c6 3. Nf3 Nf6 4. Nbd2 g6 5. e3 Bg7 6. Be2 O-O 7. O-O dxc4 8. Nxc4
Be6 9. b4 Nbd7 10. Bb2 Qc7 11. a3 Rad8 12. Rc1 Bd5 13. Nfd2 Nb6 14. Nxb6 Qxb6
15. Qc2 Be6 16. h3 a5 17. Qc5 Qxc5 18. bxc5 Nd7 19. Bc3 Ra8 20. Rb1 Nxc5 21.
Rfc1 Na4 22. Ba1 Rfb8 23. Bd1 b5 24. Rxc6 Ba2 25. Rbc1 Nb6 26. Bf3 Ra7 27. R6c5
Nd7 28. R5c2 Bc4 29. Nxc4 bxc4 30. Rxc4 e6 31. Rc8+ Rxc8 32. Rxc8+ Bf8 33. Bc3
Nb6 34. Rb8 Nd7 35. Rd8 Kg7 36. d5+ e5 37. a4 Bb4 38. Bb2 Be7 39. Rc8 f6 40. Bc1
Nb6 41. Rc6 Nxa4 42. d6 Bd8 43. Rc8 Bb6 44. Ba3 f5 45. Bd5 Kf6 46. Bb3 Nc5 47.
Bxc5 Bxc5 48. Rxc5 a4 49. Ba2 Rd7 50. Rc6 e4 51. f4 exf3 52. gxf3 Kg5 53. Be6 1-0

[Event "TCh-CHN 2016"]
[Site "China CHN"]
[Date "2016.07.26"]
[Round "11.3"]
[Board "5"]
[White "Tan, Zhongyi"]
[Black "Li, Yunshan"]
[Result "1-0"]
[WhiteTitle "WGM"]
[BlackTitle "WFM"]
[WhiteElo "2518"]
[BlackElo "2024"]
[WhiteTeam "Chongqing"]
[BlackTeam "Chengdu"]
[WhiteFideId "8603642"]
[BlackFideId "8607664"]
[EventDate "2016.04.12"]

1. d4 Nf6 2. Bg5 d5 3. e3 Ne4 4. Bh4 c5 5. Bd3 Bf5 6. f3 Nd6 7. dxc5 Qa5+ 8. Nc3
Qxc5 9. Bf2 Bxd3 10. Qxd3 Qb4 11. Ne2 e6 12. a3 Qc4 13. O-O-O Qxd3 14. cxd3 Nc6
15. e4 dxe4 16. dxe4 O-O-O 17. Nd4 Nxd4 18. Rxd4 b6 19. Rhd1 e5 20. Rd5 Nb7 21.
Rxe5 Bc5 22. Bxc5 Nxc5 23. Re7 Rxd1+ 24. Kxd1 Rd8+ 25. Kc2 Rd7 26. Re8+ Rd8 27.
Rxd8+ Kxd8 28. Nb5 a6 29. Nd6 f6 30. Nf5 Ne6 31. Kc3 Kd7 32. Kc4 g6 33. Ne3 Kd6
34. Nd5 b5+ 35. Kb4 f5 36. Ka5 fxe4 37. fxe4 Nc5 38. Nc3 Kc6 39. b4 Nb3+ 40.
Kxa6 Nd4 41. h4 h6 42. g3 h5 43. Nd5 Nc2 44. Ne7+ Kd6 45. Nxg6 Nxa3 46. Kb6 Ke6
47. Kc5 Kf6 48. Nf4 Ke5 49. Nxh5 Kxe4 50. Nf4 Kf5 51. h5 Kg5 52. Kc6 Kh6 53. g4
Kg5 54. Ne6+ Kh6 55. Kc5 Nc4 56. Kxb5 Ne5 57. Ka6 Nxg4 58. b5 Kxh5 59. b6 Ne5
60. b7 Nd7 61. Ka7 Kg4 62. Nc5 Ne5 63. Kb6 1-0

[Event "TCh-CHN 2016"]
[Site "China CHN"]
[Date "2016.09.23"]
[Round "12.1"]
[Board "1"]
[White "Liu, Chang"]
[Black "Dai, Changren"]
[Result "0-1"]
[WhiteElo "2376"]
[BlackElo "2361"]
[WhiteTeam "Guangdong"]
[BlackTeam "Tianjing"]
[WhiteFideId "8606340"]
[BlackFideId "8608156"]
[EventDate "2016.04.12"]

1. c4 Nf6 2. Nc3 g6 3. d4 Bg7 4. e4 d6 5. Nf3 O-O 6. Be2 e5 7. O-O Nc6 8. d5 Ne7
9. b4 Nh5 10. g3 a5 11. bxa5 f5 12. Nd2 Nf6 13. Bf3 f4 14. c5 Rxa5 15. cxd6 cxd6
16. Qb3 g5 17. Nc4 Ra6 18. Ba3 Ng6 19. Nb5 g4 20. Bh1 Ne8 21. Rac1 Rf6 22. Rc3
f3 23. Rfc1 Bd7 24. Nbxd6 Nxd6 25. Nxd6 Rb6 26. Qc4 Rfxd6 27. Bxd6 Rxd6 28. Qc7
Qxc7 29. Rxc7 b5 30. h3 h5 31. hxg4 hxg4 32. R1c3 Nf8 33. Ra7 Rf6 34. Rb3 Bh6
35. Rd3 Bg5 36. a3 Rf7 37. d6 Kg7 38. Rb7 Kg6 39. Ra7 Ne6 40. Rd5 Kf6 0-1

[Event "TCh-CHN 2016"]
[Site "China CHN"]
[Date "2016.09.23"]
[Round "12.1"]
[Board "2"]
[White "Xu, Yinglun"]
[Black "Malakhov, Vladimir"]
[Result "1/2-1/2"]
[BlackTitle "GM"]
[WhiteElo "2523"]
[BlackElo "2695"]
[WhiteTeam "Guangdong"]
[BlackTeam "Tianjing"]
[WhiteFideId "8604940"]
[BlackFideId "4120787"]
[EventDate "2016.04.12"]

1. d4 d5 2. c4 c6 3. Nf3 Nf6 4. e3 Bf5 5. Nc3 a6 6. Bd3 Bxd3 7. Qxd3 e6 8. b3
Bb4 9. Bd2 O-O 10. O-O Qe7 11. Ne5 Nbd7 12. Nxd7 Nxd7 13. e4 dxe4 14. Nxe4 Bxd2
15. Qxd2 Rfd8 16. Rad1 Nf6 17. Nc5 b6 18. Na4 Nd7 19. Nc3 Nf6 20. Na4 Nd7 21.
Nc3 Nf6 22. Na4 1/2-1/2

[Event "TCh-CHN 2016"]
[Site "China CHN"]
[Date "2016.09.23"]
[Round "12.1"]
[Board "3"]
[White "Zeng, Chongsheng"]
[Black "Wang, Yue"]
[Result "1-0"]
[WhiteTitle "GM"]
[BlackTitle "GM"]
[WhiteElo "2549"]
[BlackElo "2718"]
[WhiteTeam "Guangdong"]
[BlackTeam "Tianjing"]
[WhiteFideId "8603847"]
[BlackFideId "8601429"]
[EventDate "2016.04.12"]

1. e4 c5 2. Nc3 e6 3. Nf3 Nc6 4. Bb5 Nge7 5. O-O a6 6. Bxc6 Nxc6 7. d4 cxd4 8.
Nxd4 Qc7 9. Nxc6 bxc6 10. Qg4 Rb8 11. b3 Bd6 12. f4 Bc5+ 13. Kh1 Bd4 14. Bb2 O-O
15. Nd5 cxd5 16. Bxd4 f6 17. e5 f5 18. Qe2 a5 19. a4 Rb4 20. Rad1 Bb7 21. Rf3
Rc8 22. Rd2 h6 23. h3 Qd8 24. Kh2 Qh4 25. Qf2 Qh5 26. Qg3 Ra8 27. Rc3 Kh7 28.
Rc5 Bc6 29. Qc3 Rbb8 30. Rxa5 Rxa5 31. Qxa5 g5 32. Qc3 Rg8 33. Qe3 Qh4 34. g3
Qh5 35. Rg2 Qd1 36. Qd2 Qh5 37. g4 Qg6 38. fxg5 hxg5 39. Qd3 f4 40. Qxg6+ Kxg6
41. Rf2 Rh8 42. Rf3 Rb8 43. h4 Rb4 44. h5+ Kf7 45. Rd3 Bb7 46. Rd2 Ba6 47. Kg1
Kg7 48. Kf2 Kf7 49. Kf3 Kg7 50. Rd1 Kf7 51. Rd2 Kg7 52. Rd1 Kf7 53. Bc3 Rb8 54.
Rd2 Rc8 55. Bd4 Rb8 56. Bc5 Rc8 57. b4 d6 58. exd6 e5 59. Rxd5 Ke6 60. d7 Kxd5 1-0

[Event "TCh-CHN 2016"]
[Site "China CHN"]
[Date "2016.09.23"]
[Round "12.1"]
[Board "4"]
[White "Ni, Shiqun"]
[Black "Padmini, Rout"]
[Result "1-0"]
[WhiteTitle "WGM"]
[BlackTitle "IM"]
[WhiteElo "2363"]
[BlackElo "2408"]
[WhiteTeam "Tianjing"]
[BlackTeam "Guangdong"]
[WhiteFideId "8608466"]
[BlackFideId "5029295"]
[EventDate "2016.04.12"]

1. e4 e6 2. d4 d5 3. Nd2 Be7 4. Ngf3 Nf6 5. exd5 exd5 6. Bd3 O-O 7. O-O Bg4 8.
c3 c5 9. dxc5 Bxc5 10. Nb3 Bb6 11. Be2 Nc6 12. h3 Bh5 13. Bg5 Re8 14. Nfd4 Bxe2
15. Nxe2 Qd6 16. Bxf6 Qxf6 17. Qd2 Rad8 18. Rad1 Ne5 19. Nbd4 Nc4 20. Qc2 g6 21.
Rd3 h5 22. Nf3 h4 23. b3 Ne5 24. Nxe5 Rxe5 25. Nd4 Rde8 26. Qd1 Re4 27. Nf3 Kg7
28. a4 R8e7 29. Qc1 Qf5 30. Qd1 Qf6 31. Qc1 Rc7 32. Qd2 Qf4 33. Qxf4 Rxf4 34.
Re1 Re4 35. Kf1 Kf6 36. b4 Rc6 37. a5 Bc7 38. Nd4 Rc4 39. Nb5 Be5 40. Rxd5 Rxe1+
41. Kxe1 a6 42. Nd4 Rxc3 43. Nf3 Bf4 44. Rd7 Rc1+ 45. Ke2 Rc2+ 46. Kd3 Rxf2 47.
Rxb7 g5 48. Rb6+ Ke7 49. Rxa6 Rxg2 50. Ra7+ Kd6 51. Rxf7 Ra2 52. Kc4 Rc2+ 53.
Kb5 Be3 54. a6 Rf2 55. Nxg5 Rb2 56. Ne4+ Ke6 57. Rh7 Bd4 58. Kc4 Bg1 59. Rxh4
Ra2 60. Nc5+ Kd6 61. Kb5 Kc7 62. Rh7+ Kb8 1-0

[Event "TCh-CHN 2016"]
[Site "China CHN"]
[Date "2016.09.23"]
[Round "12.1"]
[Board "5"]
[White "Xiao, Yiyi"]
[Black "Li, Xueyi"]
[Result "1-0"]
[WhiteTitle "WFM"]
[WhiteElo "2222"]
[BlackElo "2112"]
[WhiteTeam "Tianjing"]
[BlackTeam "Guangdong"]
[WhiteFideId "8606161"]
[BlackFideId "8605912"]
[EventDate "2016.04.12"]

1. d4 d5 2. c4 e6 3. Nf3 c6 4. Qc2 Nf6 5. g3 dxc4 6. Qxc4 b5 7. Qd3 Bb7 8. Bg2
a6 9. O-O c5 10. Rd1 Nbd7 11. Bf4 cxd4 12. Qxd4 Bc5 13. Qd3 Be4 14. Qb3 Bd5 15.
Qd3 Qb6 16. e3 Qb7 17. Qe2 h6 18. Nc3 Bc6 19. Bd6 b4 20. Bxc5 Nxc5 21. Nb1 Nce4
22. Ne5 Bb5 23. Qe1 Qc7 24. Nf3 O-O 25. Nd4 Ba4 26. Rc1 Qd6 27. Nd2 Nxd2 28.
Bxa8 Rxa8 29. Qxd2 Rd8 30. Qe2 e5 31. Nb3 Bb5 32. Qc2 Qe6 33. Qc7 Rf8 34. Qb7 e4
35. Kg2 Bd7 36. Rh1 Qh3+ 37. Kg1 Bg4 38. Qxa6 Bf3 39. Qf1 Qc8 40. Nd2 Bxh1 41.
Kxh1 Qc2 42. Nc4 Ng4 43. Kg1 Rd8 44. Rc1 Qa4 45. Qe2 Nf6 46. b3 Qd7 47. Qc2 h5
48. Kg2 h4 49. Ne5 Qe6 50. Nc6 Rf8 51. Nxb4 Qf5 52. Qe2 h3+ 53. Kg1 Qa5 54. Nc6
Qa3 55. Rc2 g6 56. Qc4 Qd6 57. Qd4 Qe6 58. Qd1 Nh7 59. Nd4 Qf6 60. Qg4 Ng5 61.
Rc1 Kg7 62. Qf4 Qe7 63. Rc7 Qb4 64. Rc1 Qd2 65. Rf1 f6 66. a4 Rc8 67. Qd6 Nf3+
68. Kh1 Qxf2 69. Qd7+ 1-0

[Event "TCh-CHN 2016"]
[Site "China CHN"]
[Date "2016.09.23"]
[Round "12.2"]
[Board "1"]
[White "Yu, Ruiyuan"]
[Black "Ma, Qun"]
[Result "1/2-1/2"]
[WhiteTitle "GM"]
[BlackTitle "GM"]
[WhiteElo "2516"]
[BlackElo "2613"]
[WhiteTeam "Jiangsu"]
[BlackTeam "Hangzhou"]
[WhiteFideId "8603090"]
[BlackFideId "8603154"]
[EventDate "2016.04.12"]

1. e4 e5 2. Nf3 Nc6 3. d4 exd4 4. Nxd4 Nf6 5. Nc3 Bb4 6. Nxc6 bxc6 7. Bd3 d5 8.
exd5 cxd5 9. O-O O-O 10. Qf3 c6 11. h3 Bd6 12. Bf4 Rb8 13. b3 Rb7 14. Ne2 Bxf4
15. Qxf4 c5 16. Rfe1 Re8 17. Ng3 Rbe7 18. Rxe7 Qxe7 19. c3 a5 20. Qa4 Qc7 21.
Nh5 Nd7 22. Bf5 Kf8 23. Qf4 Qxf4 24. Nxf4 Nf6 25. Bxc8 Rxc8 26. Rd1 Rd8 27. h4
h6 28. h5 Ke7 29. f3 Kd6 30. Kf2 Ke5 1/2-1/2

[Event "TCh-CHN 2016"]
[Site "China CHN"]
[Date "2016.09.23"]
[Round "12.2"]
[Board "2"]
[White "Wei, Yi"]
[Black "Gao, Rui"]
[Result "1-0"]
[WhiteTitle "GM"]
[BlackTitle "GM"]
[WhiteElo "2700"]
[BlackElo "2552"]
[WhiteTeam "Jiangsu"]
[BlackTeam "Hangzhou"]
[WhiteFideId "8603405"]
[BlackFideId "8602387"]
[EventDate "2016.04.12"]

1. e4 c5 2. Nf3 d6 3. d4 cxd4 4. Nxd4 Nf6 5. Nc3 a6 6. Nb3 e6 7. g4 b5 8. Bg2
Bb7 9. g5 b4 10. Nd5 exd5 11. gxf6 dxe4 12. Qg4 gxf6 13. Be3 h5 14. Qe2 Nd7 15.
O-O-O Qc7 16. Bf4 f5 17. Bh3 O-O-O 18. Rd4 Bh6 19. Bxh6 Rxh6 20. Rc4 Nc5 21. Qe3
Rf6 22. Qd4 Qe7 23. Rd1 Rd7 24. Nxc5 dxc5 25. Rxc5+ Kd8 26. Qxb4 Rfd6 27. Rxd6
Qxd6 28. Qa5+ Ke8 29. Re5+ Re7 30. Rxe7+ Kxe7 31. Qxf5 Qxh2 32. b3 Kf8 33. Kb2
Qd6 34. Qxh5 Qd4+ 35. Ka3 Bd5 36. Qh6+ Ke7 37. Qg5+ f6 38. Qe3 Qd1 39. Qc5+ Ke8
40. Qc8+ Ke7 41. Qc5+ Ke8 42. Bf5 Qc1+ 43. Ka4 Qf4 44. Qxd5 e3+ 45. b4 1-0

[Event "TCh-CHN 2016"]
[Site "China CHN"]
[Date "2016.09.23"]
[Round "12.2"]
[Board "3"]
[White "Lin, Chen"]
[Black "Bai, Jinshi"]
[Result "0-1"]
[WhiteTitle "GM"]
[BlackTitle "GM"]
[WhiteElo "2526"]
[BlackElo "2564"]
[WhiteTeam "Jiangsu"]
[BlackTeam "Hangzhou"]
[WhiteFideId "8602298"]
[BlackFideId "8602280"]
[EventDate "2016.04.12"]

1. e4 c5 2. Nf3 Nc6 3. Nc3 e6 4. d4 cxd4 5. Nxd4 Qc7 6. g3 a6 7. Bg2 Nf6 8. O-O
Nxd4 9. Qxd4 Bc5 10. Bf4 d6 11. Qd2 h6 12. Rad1 e5 13. Be3 Be6 14. Bxc5 dxc5 15.
Nd5 Bxd5 16. exd5 Qd6 17. c4 O-O 18. Bh3 Rfe8 19. Rfe1 b6 20. Re2 Re7 21. Rde1
Rae8 22. Bf5 b5 23. b3 h5 24. f3 g6 25. Bd3 b4 26. Qh6 Nh7 27. Kg2 a5 28. h3 Qf6
29. Qe3 Qd6 30. Qh6 Qf6 31. g4 Qh4 32. f4 exf4 33. Qxf4 hxg4 34. hxg4 Qxe1 35.
Rxe1 Rxe1 36. Kf2 Rd1 37. Bf1 Rd4 38. Qc7 Nf6 39. Bh3 g5 40. d6 Rxd6 41. Bg2
Rd2+ 42. Kf1 Nxg4 43. Qxc5 Rd1# 0-1

[Event "TCh-CHN 2016"]
[Site "China CHN"]
[Date "2016.09.23"]
[Round "12.2"]
[Board "4"]
[White "Gu, Tianlu"]
[Black "Guo, Qi"]
[Result "1/2-1/2"]
[WhiteTitle "WIM"]
[BlackTitle "IM"]
[WhiteElo "2255"]
[BlackElo "2436"]
[WhiteTeam "Hangzhou"]
[BlackTeam "Jiangsu"]
[WhiteFideId "8603995"]
[BlackFideId "8604002"]
[EventDate "2016.04.12"]

1. e4 c6 2. d4 d5 3. exd5 cxd5 4. Bd3 Nc6 5. c3 Nf6 6. Bf4 g6 7. Nd2 Bg7 8. Ngf3
O-O 9. h3 Nh5 10. Bh2 Bh6 11. O-O Bf4 12. Re1 Bxh2+ 13. Nxh2 Qd6 14. Ndf3 Rb8
15. Qd2 Qf4 16. Qxf4 Nxf4 17. Bb5 Be6 18. Ng4 Rfc8 19. Nge5 Rc7 20. Re3 f6 21.
Nd3 Nxd3 22. Bxd3 Bf7 23. Bb5 Nd8 24. Rae1 Kf8 25. Nd2 b6 26. g4 Nb7 27. h4 Nd6
28. Bd3 a5 29. R3e2 Be8 30. Nf1 b5 31. Ne3 Bf7 32. Nc2 b4 33. cxb4 axb4 34. Na1
Ra8 35. Bb1 Ra6 36. Nb3 Rac6 37. Bd3 Nb7 38. f4 Be8 39. f5 Rb6 40. fxg6 Bxg6 41.
Bxg6 hxg6 42. h5 gxh5 43. gxh5 f5 44. Re5 Rf6 45. Rxd5 Kf7 46. Rde5 Nd6 47. Nc5
Rh6 48. Na6 Ra7 49. Nxb4 Rxh5 50. a3 Rb7 51. R1e2 Rg5+ 52. Kf1 Rc7 53. Nd3 Rh5
54. Nc5 Rh1+ 55. Kg2 Rd1 56. Ne6 Rc8 57. Ng5+ Kf6 58. Nh7+ Kg6 59. Rxe7 Ne4 60.
Kh2 Rcc1 61. Rg2+ Kh6 62. Kh3 Rd3+ 63. Kh2 Rdd1 64. Kh3 Rd3+ 65. Kh2 Rdd1 1/2-1/2

[Event "TCh-CHN 2016"]
[Site "China CHN"]
[Date "2016.09.23"]
[Round "12.2"]
[Board "5"]
[White "Dzagnidze, Nana"]
[Black "Yuan, Ye"]
[Result "1-0"]
[WhiteTitle "GM"]
[WhiteElo "2535"]
[BlackElo "2212"]
[WhiteTeam "Hangzhou"]
[BlackTeam "Jiangsu"]
[WhiteFideId "13601903"]
[BlackFideId "8608415"]
[EventDate "2016.04.12"]

1. Nf3 c5 2. g3 g6 3. Bg2 Bg7 4. O-O Nc6 5. e4 d6 6. c3 Nf6 7. Re1 e5 8. d4 cxd4
9. cxd4 Bg4 10. Be3 exd4 11. Bxd4 Nxd4 12. Qxd4 O-O 13. Nc3 Re8 14. Qb4 a5 15.
Qb5 Bxf3 16. Bxf3 Re5 17. Qxb7 Rb8 18. Qa7 Rxb2 19. Rab1 Re7 20. Qa6 Rxb1 21.
Rxb1 Qc7 22. Qd3 Rd7 23. Bd1 Rd8 24. Nd5 Nxd5 25. Qxd5 Rb8 26. Bb3 Rb4 27. Kg2
h5 28. Rd1 Bf8 29. a3 Rb8 30. Rd3 Bg7 31. Rf3 Rb7 32. Rxf7 1-0

[Event "TCh-CHN 2016"]
[Site "China CHN"]
[Date "2016.09.23"]
[Round "12.3"]
[Board "2"]
[White "Fang, Yuxiang"]
[Black "Yu, Kaifeng"]
[Result "1-0"]
[WhiteTitle "IM"]
[BlackTitle "FM"]
[WhiteElo "2502"]
[BlackElo "2220"]
[WhiteTeam "Qingdao"]
[BlackTeam "Shenzhen"]
[WhiteFideId "8605840"]
[BlackFideId "8609667"]
[EventDate "2016.04.12"]

1. d4 d5 2. c4 e6 3. Nc3 Nf6 4. cxd5 exd5 5. Bg5 Be7 6. e3 c6 7. Bd3 h6 8. Bh4
O-O 9. Qc2 Nbd7 10. Nge2 b6 11. O-O Bb7 12. Rfd1 Re8 13. a3 a5 14. Rac1 b5 15.
a4 b4 16. Nb1 Rc8 17. Nd2 Qb6 18. Bf5 Ra8 19. Nb3 Bf8 20. Bg3 g6 21. Bh3 h5 22.
Nf4 Ng4 23. Nxg6 fxg6 24. Qxg6+ Bg7 25. Qxh5 Ngf6 26. Qh4 Qd8 27. Bf5 Nb6 28.
Nc5 Bc8 29. Bg6 Rf8 30. e4 dxe4 31. Nxe4 Ra7 32. Be5 Bh8 33. Rxc6 Nbd7 34. Rdc1
Nxe5 35. dxe5 Nxe4 36. Qxd8 Rxd8 37. Rxc8 Rd7 38. Rxd8+ Rxd8 39. Bxe4 Bxe5 40.
b3 Rd2 41. g3 Rb2 42. Rc2 1-0

[Event "TCh-CHN 2016"]
[Site "China CHN"]
[Date "2016.09.23"]
[Round "12.3"]
[Board "3"]
[White "Wang, Tongsen"]
[Black "Lin, Yi"]
[Result "1/2-1/2"]
[WhiteElo "2296"]
[BlackElo "2276"]
[WhiteTeam "Qingdao"]
[BlackTeam "Shenzhen"]
[WhiteFideId "8608067"]
[BlackFideId "8602735"]
[EventDate "2016.04.12"]

1. e4 e5 2. Nf3 Nf6 3. Nxe5 d6 4. Nf3 Nxe4 5. d4 d5 6. Bd3 Be7 7. O-O Nc6 8. c4
Nb4 9. Be2 Bf5 10. a3 Nc6 11. Nc3 Nxc3 12. bxc3 O-O 13. cxd5 Qxd5 14. Bf4 Rac8
15. Re1 Rfe8 16. c4 Qe4 17. Bg3 Bf6 18. Bf1 Qc2 19. Rxe8+ Rxe8 20. Bxc7 Qb2 21.
Be5 Nxe5 22. dxe5 Bxe5 23. Nxe5 Qxe5 24. Qa4 Bc2 25. Qd7 Bf5 26. Qa4 Bc2 27. Qd7
Bf5 28. Qa4 1/2-1/2

[Event "TCh-CHN 2016"]
[Site "China CHN"]
[Date "2016.09.23"]
[Round "12.3"]
[Board "4"]
[White "Du, Yuxin"]
[Black "Zhou, Guijue"]
[Result "1/2-1/2"]
[BlackTitle "WIM"]
[WhiteElo "2074"]
[BlackElo "2239"]
[WhiteTeam "Shenzhen"]
[BlackTeam "Qingdao"]
[WhiteFideId "8610282"]
[BlackFideId "8602905"]
[EventDate "2016.04.12"]

1. e4 e5 2. Nf3 Nf6 3. Nxe5 d6 4. Nf3 Nxe4 5. d4 d5 6. Bd3 Nc6 7. O-O Be7 8. Re1
Bf5 9. Nc3 Nxc3 10. bxc3 Bxd3 11. Qxd3 O-O 12. c4 dxc4 13. Qxc4 Bf6 14. Ba3 Re8
15. Rxe8+ Qxe8 16. Re1 Qd7 17. d5 Na5 18. Qd3 b5 19. Nd2 Re8 20. Rxe8+ Qxe8 21.
g3 a6 22. Ne4 Nc4 23. Nxf6+ gxf6 24. Bb4 Qd8 25. Qe4 Qd7 26. Bc3 Nb6 27. Bxf6
Nxd5 28. Bd4 f6 29. a3 c6 30. Bc5 Kg7 31. h4 a5 32. Qe1 a4 33. Qd2 Qe8 34. Bd4
Qe4 35. Qg5+ Qg6 36. Qd2 Qg4 37. Kg2 Kg8 38. f3 Qe6 39. Bc5 Kg7 40. Bd4 Kg8 41.
Bc5 Kg7 42. Bd4 Kg8 43. Bc5 Kg7 44. Bd4 1/2-1/2

[Event "TCh-CHN 2016"]
[Site "China CHN"]
[Date "2016.09.23"]
[Round "12.3"]
[Board "5"]
[White "Xu, Yuze"]
[Black "Hong, Xing"]
[Result "1/2-1/2"]
[WhiteElo "1812"]
[BlackElo "1986"]
[WhiteTeam "Shenzhen"]
[BlackTeam "Qingdao"]
[WhiteFideId "8614466"]
[BlackFideId "8606129"]
[EventDate "2016.04.12"]

1. e4 c5 2. c3 b6 3. d4 Bb7 4. f3 e6 5. Be3 cxd4 6. cxd4 Nf6 7. Nc3 d5 8. Bb5+
Bc6 9. Qa4 Qd7 10. Rc1 dxe4 11. fxe4 a6 12. Bxc6 Nxc6 13. Nf3 b5 14. Nxb5 Bb4+
15. Nc3 Nxe4 16. O-O Bxc3 17. bxc3 O-O 18. c4 Nf6 19. Rfd1 Rfd8 20. Kf1 h6 21.
h3 Ne7 22. Qxd7 Nxd7 23. Ke2 Rac8 24. Rd3 Nf5 25. Ra3 Rc6 26. Bf2 Nd6 27. c5 Ne4
28. Rb3 Nxf2 29. Kxf2 Rc7 30. Ra3 Nb8 31. Rb1 Kf8 32. Rb6 Ke7 33. Rab3 Nc6 34.
Ke3 a5 35. Ra6 f6 36. Rab6 e5 37. dxe5 fxe5 38. Rb7 Rdd7 39. Rxc7 Rxc7 40. Rb5
Ke6 41. Ke4 Rf7 42. Nxe5 Nxe5 43. Rb6+ Kd7 44. Kxe5 Rf2 45. Rg6 Rxa2 46. Kd5
Rd2+ 47. Kc4 a4 48. Rxg7+ Kc6 49. Rg6+ Kb7 50. Kb4 Rd4+ 51. Ka3 h5 52. Rg5 Rh4
53. Rg6 Kc7 54. Ra6 Rc4 55. Rxa4 Rxc5 56. Kb3 Kd6 57. Re4 Re5 1/2-1/2

[Event "TCh-CHN 2016"]
[Site "China CHN"]
[Date "2016.09.23"]
[Round "12.4"]
[Board "1"]
[White "Bu, Xiangzhi"]
[Black "Zhou, Weiqi"]
[Result "1/2-1/2"]
[WhiteTitle "GM"]
[BlackTitle "GM"]
[WhiteElo "2719"]
[BlackElo "2635"]
[WhiteTeam "Shandong"]
[BlackTeam "Chongqing"]
[WhiteFideId "8601445"]
[BlackFideId "8601674"]
[EventDate "2016.04.12"]

1. d4 Nf6 2. c4 e6 3. Nf3 Bb4+ 4. Nc3 b6 5. Bg5 Bb7 6. Qb3 c5 7. dxc5 bxc5 8. a3
Bxc3+ 9. Qxc3 O-O 10. e3 h6 11. Bh4 g5 12. Bg3 Ne4 13. Qc2 Qa5+ 14. Nd2 Nxd2 15.
Qxd2 Nc6 16. Be2 Qxd2+ 17. Kxd2 e5 18. Bf3 d6 19. b4 cxb4 20. axb4 Rfc8 21. Rhc1
a5 22. bxa5 Nxa5 23. Rxa5 Bxf3 24. Rxa8 Bxa8 25. f3 Bb7 26. c5 Rxc5 27. Rxc5
dxc5 28. Bxe5 g4 29. e4 gxf3 30. gxf3 f5 1/2-1/2

[Event "TCh-CHN 2016"]
[Site "China CHN"]
[Date "2016.09.23"]
[Round "12.4"]
[Board "2"]
[White "Wen, Yang"]
[Black "Wang, Chen"]
[Result "1/2-1/2"]
[WhiteTitle "GM"]
[BlackTitle "IM"]
[WhiteElo "2614"]
[BlackElo "2514"]
[WhiteTeam "Shandong"]
[BlackTeam "Chongqing"]
[WhiteFideId "8602956"]
[BlackFideId "8601020"]
[EventDate "2016.04.12"]

1. d4 Nf6 2. c4 e6 3. Nc3 d5 4. Nf3 Nbd7 5. e3 c6 6. Be2 Bd6 7. O-O O-O 8. a4
dxc4 9. Nd2 e5 10. Nxc4 Bc7 11. a5 Re8 12. d5 cxd5 13. Nxd5 Nxd5 14. Qxd5 Nf6
15. Qxd8 Rxd8 16. b3 Bg4 17. f3 Be6 18. e4 Nd7 19. Be3 b5 20. axb6 axb6 21. b4
Kf8 22. b5 Rdc8 23. Ra6 Rab8 24. Rd1 Bd8 25. Ra7 Rc7 26. Rda1 Rxa7 27. Rxa7 Rc8
28. Kf2 Bxc4 29. Rxd7 Bxe2 30. Kxe2 Ke8 31. Rd5 Rc2+ 32. Kd3 Rxg2 33. Rxe5+ Kd7
34. Rd5+ Ke8 35. Re5+ Kd7 36. Rd5+ Ke8 37. Re5+ 1/2-1/2

[Event "TCh-CHN 2016"]
[Site "China CHN"]
[Date "2016.09.23"]
[Round "12.4"]
[Board "3"]
[White "Zhao, Jun"]
[Black "Liu, Yan"]
[Result "1-0"]
[WhiteTitle "GM"]
[BlackTitle "FM"]
[WhiteElo "2634"]
[BlackElo "2413"]
[WhiteTeam "Shandong"]
[BlackTeam "Chongqing"]
[WhiteFideId "8602522"]
[BlackFideId "8608962"]
[EventDate "2016.04.12"]

1. e4 c5 2. Nf3 d6 3. d4 cxd4 4. Nxd4 Nf6 5. Nc3 a6 6. Be3 e5 7. Nf3 Qc7 8. a4
h6 9. a5 Be6 10. Nd5 Bxd5 11. exd5 Nbd7 12. c4 Be7 13. Nd2 O-O 14. Bd3 b6 15.
axb6 Nxb6 16. b4 Rfb8 17. g4 Nbd7 18. h4 h5 19. gxh5 e4 20. Be2 Rxb4 21. Rg1 Ne5
22. h6 g6 23. h5 Kh7 24. hxg6+ fxg6 25. Ra3 a5 26. Qa1 a4 27. Kf1 Qd7 28. Rg3
Qf5 29. Rg5 Qd7 30. Kg2 Bf8 31. Rg3 Re8 32. Qd4 Qf5 33. Ra1 Nf7 34. Rh1 Qe5 35.
Qa7 Re7 36. Qa8 Re8 37. Qa5 Reb8 38. Bd1 Be7 39. Bxa4 Bd8 40. Qa7 R4b7 41. Qd4
Bb6 42. Qxe5 Nxe5 43. Bg5 Rf7 44. Rb3 e3 45. fxe3 Nfg4 46. Rhb1 Ra8 47. Rxb6
Rxa4 48. Rb7 Ra2 49. e4 Nxh6 50. Kg3 Ra3+ 51. R7b3 Rxb3+ 52. Rxb3 Rc7 53. Bxh6
Kxh6 54. Rb6 Rd7 55. c5 dxc5 56. Re6 c4 57. Rxe5 c3 58. Nb3 c2 59. Nc1 Rb7 60.
d6 Rb1 61. Ne2 Re1 62. d7 1-0

[Event "TCh-CHN 2016"]
[Site "China CHN"]
[Date "2016.09.23"]
[Round "12.4"]
[Board "4"]
[White "Tan, Zhongyi"]
[Black "Zhai, Mo"]
[Result "1-0"]
[WhiteTitle "WGM"]
[BlackTitle "WGM"]
[WhiteElo "2518"]
[BlackElo "2371"]
[WhiteTeam "Chongqing"]
[BlackTeam "Shandong"]
[WhiteFideId "8603642"]
[BlackFideId "8600201"]
[EventDate "2016.04.12"]

1. c4 Nf6 2. Nc3 e5 3. g3 Bb4 4. Nf3 Nc6 5. Bg2 O-O 6. O-O Re8 7. d3 Bxc3 8.
bxc3 d6 9. Nd2 Bd7 10. Rb1 Rb8 11. Re1 h6 12. Qc2 a6 13. Nf1 Qc8 14. Ne3 Ne7 15.
Ba3 Bc6 16. Bxc6 Nxc6 17. Nd5 Nxd5 18. cxd5 Ne7 19. e4 f5 20. c4 c5 21. d4 f4
22. dxc5 dxc5 23. Rb6 Qc7 24. Re6 Kf7 25. gxf4 Ng6 26. Bc1 Nxf4 27. Bxf4 exf4
28. e5 Rxe6 29. Qf5+ Kg8 30. Qxe6+ Qf7 31. Qxf7+ Kxf7 32. Kg2 b5 33. Kf3 bxc4
34. Rc1 Rb4 35. Rc3 a5 36. Kxf4 a4 37. Ke3 Ke7 38. h4 g6 39. h5 g5 40. f3 Kd7
41. Ke4 Ke7 42. a3 Rb3 43. Rxc4 Rxa3 44. Rxc5 Ra1 45. Kf5 a3 46. d6+ Kd8 47. Ke4 1-0